Normal view
MARC view
- TELECOMMUNICATION.SIGNAL PROCESSING. CHAOTIC BEHAVIOR IN SYSTEM-MATHEMATICS MODELS
Entry Topical Term
001 - CONTROL NUMBER
- control field: 61549
003 - CONTROL NUMBER IDENTIFIER
- control field: NUST
005 - DATE AND TIME OF LATEST TRANSACTION
- control field: 20210628202755.0
008 - FIXED-LENGTH DATA ELEMENTS
- fixed length control field: 210628|| aca||aabn | a|a d
040 ## - CATALOGING SOURCE
- Original cataloging agency: NUST
- Transcribing agency: NUST
150 ## - HEADING--TOPICAL TERM
- Topical term or geographic name entry element: TELECOMMUNICATION.SIGNAL PROCESSING. CHAOTIC BEHAVIOR IN SYSTEM-MATHEMATICS MODELS
670 ## - SOURCE DATA FOUND
- Source citation: Work cat.: (NUST): Stavroulakis, Peter 61548, Chaos applications in telecommunications, 2006
